Statystyki dla Kluby Piłkarskie-Dla Ignacego

Kliknij tutaj aby rozwiązać quiz!

Ogólne statystyki

  • Ten quiz został rozwiązany 16 012 razy
  • Średni wynik to 13 z 16

Statystyki odpowiedzi

HintOdpowiedź% Poprawnych
The Red w tym klubie Jerzy Dudek wygrał Lige Mistrzówliverpool
95%
Klub nazywany starą damą najbardziej utytułowany klub we Włoszechjuventus
94%
Czerwone Diabłymanchester u
94%
zdobywca ligi mistrzów w 2016 i dwóch następnych latachreal m
94%
Klub z kraju Pizzy gra tam Milik i Zieliński(na dzień 02.05.2019)napoli
93%
Klub z warszawy kibicem tego klubu jest tomasz "Gimper" Działowy przydomek:wojskowilegia warszawa
92%
ten klub to autor najdroższego transferu na świecie(wystarczy skrót nazwy)psg
92%
Klub który zwyciężył premier league w sezonie 2017/18manchester c
89%
w tym klubie grało trzech polaków w tym samym czasie ich barwy to żółto-czarnyborussia dortmund
88%
obecny klub Krzysztofa Piątka(na dzień 02.05.2019)ac milan
86%
na stadionie tego klubu odbędzie się finał ligi mistrzów 2019 gra tam Griezmannatletico
86%
klub do którego odszedł Iker Casillas z Realu Madryt(tylko miasto z nazwy)porto
83%
jeden z pomorskich klubów(w ekstraklasie)lechia gdańsk
75%
Klub słynący z numeru 4arsenal
65%
klub który słynie z kupowania zawodników tylko z pochodzeniem baskijskim.athletic bilbao
50%
pierwszy zdobywca mistrzostwa Niemiec(tylko miasto z nazwy)koln
22%

Rozkład punktacji

Percentyl według liczby udzielonych odpowiedzi

Procent ludzi z każdym wynikiem

Twoja historia wyników

Nie rozwiązałeś tego quizu